000 00676nam a2200181 i 4500
001 32226
003 ES-MaACL
005 20230906154533.0
007 t|
008 030130s1932 sp |||| | spa d
080 _a677(460)
100 1 _aBenítez de Lugo y Reymundo, Luis.
_927633
245 1 0 _aJurado Mixto de la Confección, Vestido y Tocado, Sastrería, zapatería, accesorios, etc.
_b: memoria correspondiente al año 1931 /
_credactada por el Presidente del mismo, D. Luis Benítez de Lugo y Reymundo.
260 _aMadrid :
_bGráfica Literaria,
_c1932.
300 _a205 p. ;
_c21 cm.
650 0 4 _aIndustria textil-
_zEspaña.
_9159884
852 _aES-MaACL
_jA-1506
999 _c32226
_d32226